Κατάλογος Βιβλιοθηκών Mediterranean College

Fashion and art (Record no. 9919)

MARC details
000 -LEADER
fixed length control field 01809nam a22002537a 4500
003 - ΤΑΥΤΟΤΗΤΑ ΤΟΥ ΑΡΙΘΜΟΥ ΕΛΕΓΧΟΥ
Πεδίο ελέγχου GR-AtMCL
005 - ΗΜΕΡΟΜΗΝΙΑ ΚΑΙ ΩΡΑ ΤΕΛΕΥΤΑΙΑΣ ΕΝΗΜΕΡΩΣΗΣ
Πεδίο ελέγχου 20250903101701.0
008 - FIXED-LENGTH DATA ELEMENTS--GENERAL INFORMATION
Πεδίο ελέγχου σταθερού μήκους b |||||||e |||| 00| 0 eng |
020 ## - ISBN
ISBN 9781847887832
040 ## - ΠΗΓΗ ΚΑΤΑΛΟΓΟΓΡΑΦΗΣΗΣ
Φορέας πρωτότυπης καταλογογράφησης MC Athens Campus Library
Γλώσσα καταλογογράφησης Ελληνικά, Μοντέρνα (1453-)
Modifying agency MC Athens Campus Library
Κανόνες περιγραφικής καταλογογράφησης AACR2
245 00 - ΤΙΤΛΟΣ ΚΑΙ ΔΗΛΩΣΗ ΥΠΕΥΘΥΝΟΤΗΤΑΣ
Τίτλος Fashion and art
Statement of responsibility, etc. edited by Adam Geczy and Vicki Karaminas.
260 ## - PUBLICATION, DISTRIBUTION, ETC.
Place of publication, distribution, etc. London :
Name of publisher, distributor, etc. Berg,
Date of publication, distribution, etc. 2012.
300 ## - PHYSICAL DESCRIPTION
Extent 223 p.:
Other physical details ill. ;
Διαστάσεις 23 cm
504 ## - ΣΗΜΕΙΩΣΗ ΒΙΒΛΙΟΓΡΑΦΙΑΣ κλπ.
Σημείωση βιβλιογραφίας, κλπ. Includes bibliographical references and index.
520 ## - SUMMARY, ETC.
Summary, etc. For at least two centuries, fashion and art have maintained a competitive love-hate relationship. Both fashion and art construct imaginary worlds, and use a language of style to invigorate beliefs, perceptions and ideas.<br/>Until now the crossovers of fashion and art have received only scattered treatment and suffered from a dearth of theorization. As an attempt to theorize the area, this collection of new and updated essays is the most well-rounded and authoritative to date. Some of the world's foremost scholars in the field are assembled here to explore the art-fashion nexus in numerous ways: from aesthetics and performance to masquerade and media.<br/>Original and inspiring, this book will not only secure 'art-fashion' as a discrete area of study, but also suggest new critical pathways for exploring their continuing cross-pollination. Fashion and Art is essential reading for students and scholars of fashion, art history and theory, cultural studies and related fields.
588 ## - SOURCE OF DESCRIPTION NOTE
Source of description note Description based on print version record.
650 #0 - SUBJECT ADDED ENTRY--TOPICAL TERM
Topical term or geographic name entry element Fashion
9 (RLIN) 9926
650 #0 - SUBJECT ADDED ENTRY--TOPICAL TERM
Topical term or geographic name entry element Fashion and art
General subdivision History
9 (RLIN) 10078
700 1# - ΠΡΟΣΘΕΤΗ ΑΝΑΓΡΑΦΗ--ΦΥΣΙΚΟ ΠΡΟΣΩΠΟ
Personal name Karaminas, Vicki.
Σχέση Επιμελητής
700 ## - ΠΡΟΣΘΕΤΗ ΑΝΑΓΡΑΦΗ--ΦΥΣΙΚΟ ΠΡΟΣΩΠΟ
Personal name Geczy, Adam
Σχέση Επιμελητής
9 (RLIN) 10079
776 08 - ADDITIONAL PHYSICAL FORM ENTRY
Πληροφορίες σχέσης Print version:
Τίτλος Fashion and art.
Τόπος, εκδότης και ημερομηνία δημοσίευσης London : Berg, 2012
ISBN 9781847887849
Record control number (OCoLC)820902482.
942 ## - ADDED ENTRY ELEMENTS (KOHA)
Koha item type Books
Holdings
Τύπος τεκμηρίου Βιβλιοθήκη Τρέχουσα τοποθεσία Barcode Αριθμός εισαγωγής Ημερομηνία απόκτησης Ταξιθετικό σύμβολο Αριθμός αντιτύπου Κατάσταση απόσυρσης Κατάσταση χαμένου Κατάσταση κατεστραμμένου Μη δανεισμός Σύνολο δανεισμών Ημερομηνία τελευταίας εμφάνισης Η τιμή ισχύει από
Books MC Athens Campus Library MC Athens Campus Library 9780000098900 8056 03/09/2025 391 GEC 1           03/09/2025 03/09/2025

MC Athens Campus Library
Πατησίων 94 & Κοδριγκτώνος 13, 104 34
Πελλήνης 8 & Πατησίων 107, 112 51
Τ: +30 210 8899600

MC Thessaloniki Campus Library
Ίωνος Δραγούμη 21, 54625 | Ίωνος Δραγούμη 15, 54625
Τ: +30 2310 287779 – Τ: +30 2314 440300